Statistiques concernant les équipes de Didier Deschamps

Cliquez ici pour prendre le quiz!

Statistiques générales

  • Ce quiz a été pris 179 fois
  • Le résultat moyen est 10 sur 12

Statistiques - réponses

annéeséquipes% Correct
1989-2000France
97%
2012-actuelFrance
97%
1989-1990Olympique de Marseille
97%
1991-1994Olympique de Marseille
97%
2009-2012Olympique de Marseille
97%
1994-1999Juventus Turin
90%
2006-2007Juventus Turin
90%
2001-2005AS Monaco
87%
1985-1989FC Nantes
77%
1999-2000Chelsea
67%
1990-1991Girondins de Bordeaux
67%
2000-2001Valence CF
40%

Distribution des résultats

Percentile par nombre de réponses

% des personnes avec chaque résultat

Votre développement - résultats

Vous n’avez pas pris ce quiz